01876cam a2200349 i 45000010008000000030005000080050017000130080041000300100017000710220014000880350012001020400025001140500015001392450120001542640054002743000041003283360026003693370028003953380027004233620024004505040041004745050578005156500031010936500032011246500036011566500023011926500038012157000041012539420038012949520177013329990017015096758271CSPC20260227104721.0022026c2019 ph 000 0 eng  aunk84159105  a2980-4663 a6758271 aCSPCcCSPCerdabeng00aMT33b.H6504aThe scales : bthe official student research journal of the college of criminal justice education-legal management. 1aBulacan : bEl Bulakeno Publishing House, c2019. avolumes : billustrations ; c23 cm. atextbtxt2rdacontent aunmediatedbn2rdamedia avolumebnc2rdacarrier aVolume 1, Number 1  aIncludes Bibliographical References 0 aEnactment of civil partnership bill: a feasibility study -- An assessment on the implementation of the family code of the Philippines in securing the rights and privileges of illegitimate children -- Bulacan state university preventive measures on violations of anti-hazing law (RA 8049) -- In depth analysis of the issues concerning the working conditions and compensation of regular and part-time teachers of Bulacan state university -- A legal study: equalizing the elements and penalties of adultery and concubinage; and increasing the criminal liability of concubines. 4aCriminologyxPeriodicals.  4aCriminal lawxPeriodicals.  4aLegal managementxPeriodicals.  4aLawxPeriodicals.  4aStudents2ResearchxPeriodicals. 1 aGarcia, Rolando Padilla., eeditor.  2ddcn0cSERIALSkSERm2022iSca44 00102ddc4071aCSPCbCSPCcSERd2026-02-27hOctober 2019, Volume 1 Number 1l0oSer PUB AD 12 v.1 n.1 2019p01597Sr2026-02-27 10:49:07t1-1w2026-02-27ySERIALSzJournal c31869d31869